| 000 | 00679nam a2200205 a 4500 | ||
|---|---|---|---|
| 001 | 1298 | ||
| 005 | 20140414131910.0 | ||
| 008 | 001207s19uu xx 00 eng d | ||
| 050 |
_aER _bD65 |
||
| 100 | _aPayne, Colleen | ||
| 245 |
_aThe dolphin dream / _cwritten and illustrated by Colleen Payne. |
||
| 260 |
_a[s.l.] : _bBlue Banana Books, _c[n.d.] |
||
| 300 | _a1 v. p. : ill. ; cm. | ||
| 440 | _aThe Little Dolphin Story Collection. | ||
| 520 | _aThe pirates held on to poor Sonar. Poor Sonar was frigthened. He wondered what they would do with him. | ||
| 650 |
_aUnderwater animals _xFiction. |
||
| 650 | _aChildren stories. | ||
| 999 |
_c111173 _d111173 |
||